[Event "2015 WBX Team Tournament"]
[Site "Edmonton"]
[Date "2015.12.13"]
[Round "5"]
[White "Shevchenko, Oleksii"]
[Black "Kadavil, Suresh"]
[Result "1-0"]
[WhiteElo "1632"]
[BlackElo "1702"]
[PlyCount "99"]
[EventDate "2015.12.12"]
[EventType "team-tourn"]
[EventRounds "5"]
[EventCountry "CAN"]

1. d4 b6 2. Nf3 Bb7 3. Bf4 e6 4. e3 Nf6 5. Bd3 Ne4 6. Nbd2 f5 7. Ne5 g6 8. f3
Nxd2 9. Qxd2 d6 10. Nc4 b5 11. Na5 Ba6 12. a4 Qd7 13. axb5 Bxb5 14. Bxb5 Qxb5
15. Qc3 Qb6 16. Ra3 Qb5 17. Rb3 Qd7 18. O-O Bg7 19. Rb7 Na6 20. Qc4 O-O 21.
Qxa6 e5 22. Bg3 exd4 23. Bxd6 Qxd6 24. Qxd6 cxd6 25. exd4 Bxd4+ 26. Kh1 Rf7 27.
b3 Bc3 28. Rxf7 Kxf7 29. Nc4 Ke6 30. Rd1 d5 31. Na3 a6 32. Rd3 Rc8 33. Nb1 d4
34. Nxc3 Rxc3 35. Rxc3 dxc3 36. Kg1 Kd5 37. Kf2 Kd4 38. g3 a5 39. Ke2 g5 40. h3
g4 41. hxg4 fxg4 42. fxg4 Ke4 43. g5 Kd4 44. Kf3 Kc5 45. Ke3 Kb5 46. Kd4 Kb4
47. Kd3 a4 48. bxa4 Kxa4 49. Kxc3 Kb5 50. Kd4 1-0

[Event "2015 WBX Team Tournament"]
[Site "Edmonton"]
[Date "2015.12.13"]
[Round "5"]
[White "Villavieja, Butch"]
[Black "Gardner, Robert"]
[Result "0-1"]
[WhiteElo "2179"]
[BlackElo "2249"]
[PlyCount "98"]
[EventDate "2015.12.12"]
[EventType "team-tourn"]
[EventRounds "5"]
[EventCountry "CAN"]

1. e4 d6 2. d4 Nf6 3. Nc3 g6 4. Be2 Bg7 5. g4 d5 6. e5 Ne4 7. Nxe4 dxe4 8. Be3
c5 9. c3 cxd4 10. cxd4 Qa5+ 11. Qd2 Qxd2+ 12. Bxd2 Nc6 13. Bc3 Be6 14. h3 O-O-O
15. O-O-O Bxa2 16. Kc2 Bd5 17. Rh2 f6 18. f4 exf3 19. Nxf3 Be4+ 20. Kb3 Bxf3
21. Bxf3 fxe5 22. dxe5 Rxd1 23. Bxd1 Bxe5 24. Rf2 Bxc3 25. Kxc3 Kd7 26. Bb3 g5
27. Rf5 h6 28. Kd3 Rh7 29. Ke4 Rg7 30. Rd5+ Kc7 31. Rf5 Rg6 32. Rf7 Rf6 33. Rh7
Kd6 34. Rh8 b5 35. Ke3 a5 36. Bc2 Ne5 37. Be4 Nc4+ 38. Kd4 Nxb2 39. Rb8 e5+ 40.
Kc3 Na4+ 41. Kd2 Kc5 42. Ke3 Kb4 43. Re8 Nc3 44. Bf5 e4 45. Rd8 Kb3 46. Bxe4
Nxe4 47. Kxe4 b4 48. Rd3+ Ka2 49. Ke5 Rb6 0-1

[Event "2015 WBX Team Tournament"]
[Site "Edmonton"]
[Date "2015.12.13"]
[Round "5"]
[White "Yao, David"]
[Black "Fellah, Mohamad"]
[Result "1/2-1/2"]
[WhiteElo "1797"]
[BlackElo "1928"]
[PlyCount "60"]
[EventDate "2015.12.12"]
[EventType "team-tourn"]
[EventRounds "5"]
[EventCountry "CAN"]

1. Nf3 Nf6 2. d3 d5 3. g3 c5 4. Bg2 Nc6 5. Nbd2 e5 6. O-O Be7 7. Re1 O-O 8. a4
Rb8 9. e4 d4 10. Nc4 Nd7 11. Bd2 b6 12. c3 a6 13. cxd4 cxd4 14. Qe2 f6 15. Reb1
Bb4 16. Bh3 Nc5 17. Bxc8 Rxc8 18. Nh4 Bxd2 19. Nxd2 Nb4 20. Ra3 Qd7 21. a5
Nbxd3 22. b4 Nxe4 23. Qxd3 Nxf2 24. Kxf2 f5 25. Kg1 Kh8 26. Nc4 e4 27. Nxb6 Qd8
28. Qe2 d3 29. Qe3 Rc2 30. Raa1 Re2 1/2-1/2

[Event "2015 WBX Team Tournament"]
[Site "Edmonton"]
[Date "2015.12.13"]
[Round "5"]
[White "Young, Joseph"]
[Black "McLeod, Logan"]
[Result "1/2-1/2"]
[WhiteElo "1755"]
[BlackElo "1714"]
[PlyCount "43"]
[EventDate "2015.12.12"]
[EventType "team-tourn"]
[EventRounds "5"]
[EventCountry "CAN"]

1. d4 f5 2. Bg5 Nf6 3. Bxf6 exf6 4. e3 g6 5. Bd3 Bg7 6. Nc3 c6 7. Nge2 b6 8.
Nf4 Ba6 9. h4 Qe7 10. d5 Bh6 11. Qf3 Bxf4 12. Qxf4 Qe5 13. O-O-O Qxf4 14. exf4
Bxd3 15. Rxd3 Na6 16. dxc6 dxc6 17. Re1+ Kf8 18. Rd6 Rc8 19. Rxf6+ Kg7 20. Rfe6
Rhf8 21. f3 h5 22. a3 1/2-1/2